Science Quiz

Random Science or Latin Quiz

Constellation or Non-stellation? Quiz Stats

 Plays Quiz Updated Dec 31, 2017

Challenge
Share
Tweet
Embed
Score 0/15 Timer 03:00
3 Plays Today
% Correct
Equuleus, the pony
82.4%
Apus, the bird of paradise
82.1%
Pavo, the peacock
81.7%
Monoceros, the unicorn
81.3%
Volans, the flying fish
80%
Camelopardalis, the giraffe
77.5%
Horologium, the clock
71.9%
Dorado, the goldfish
68.3%
% Correct
Tucana, the toucan
67%
Pictor, the easel
62.8%
Telescopium, the telescope
61.2%
Fornax, the furnace
60.5%
Norma, the carpenter's level
50.9%
Microscopium, the microscope
46%
Antlia, the air pump
29.6%

You're not logged in!

Compare scores with friends on all Sporcle quizzes.
OR
Log In

You Might Also Like...

Show Comments

Extras

Top Quizzes Today


Score Distribution

Your Account Isn't Verified!

In order to create a playlist on Sporcle, you need to verify the email address you used during registration. Go to your Sporcle Settings to finish the process.

Report this User

Report this user for behavior that violates our Community Guidelines.

Details: